Riadenie služieb podnikovej informatiky
Prístupy k definíciám, charakteristikám a klasifikácii podnikových informačno-technologických IT služieb, ako aj riadenie IT služieb (ITSM) na základe publikovaných vedeckých prác doma i v zahraničí. Metriky pre určovanie úrovne riadenia podnikových IT služieb s dôrazom na podporu obchodných cieľov...
Enregistré dans:
| Auteur principal: | |
|---|---|
| Autres auteurs: | |
| Format: | Chapitre de livre |
| Langue: | slovaque |
| Sujets: | |
| Tags: |
Pas de tags, Soyez le premier à ajouter un tag!
|
MARC
| LEADER | 00000naa a2200000 4500 | ||
|---|---|---|---|
| 001 | 0268826 | ||
| 005 | 20240521125308.5 | ||
| 041 | 0 | |a slo | |
| 044 | |a SK | ||
| 245 | 1 | 0 | |a Riadenie služieb podnikovej informatiky |
| 520 | |a Prístupy k definíciám, charakteristikám a klasifikácii podnikových informačno-technologických IT služieb, ako aj riadenie IT služieb (ITSM) na základe publikovaných vedeckých prác doma i v zahraničí. Metriky pre určovanie úrovne riadenia podnikových IT služieb s dôrazom na podporu obchodných cieľov spoločnosti alebo organizácie. | ||
| 610 | 2 | 0 | |a technológie informačné |
| 610 | 2 | 0 | |a služby informačné |
| 610 | 2 | 0 | |a informatika |
| 610 | 2 | 0 | |a manažment |
| 100 | 1 | |a Hamranová, Anna, 1957- | |
| 700 | 1 | |a Töröková, Anikó, 1963- | |